[Event "Toronto NAYCC U10"]
[Site "Toronto"]
[Date "2013.08.18"]
[Round "9"]
[White "Wang, Frank"]
[Black "Luo, Benett"]
[Result "1-0"]
[WhiteElo "1374"]
[BlackElo "749"]
[PlyCount "29"]
[EventDate "2013.08.14"]
[EventType "swiss"]
[EventRounds "9"]
[EventCountry "CAN"]
[SourceTitle "EXT 2022"]
[Source "ChessBase"]
[SourceDate "2021.10.06"]
[SourceVersion "1"]
[SourceVersionDate "2021.10.06"]
[SourceQuality "1"]

1. e4 e5 2. f4 d6 3. Nf3 f5 4. Nc3 Nc6 5. Bc4 Nf6 6. d3 Be7 7. Ng5 Rf8 8. 0-0 Na5 9. Ne6 Bxe6 10. Bxe6 c6 11. Be3 c5 12. exf5 Ng4 13. Qxg4 Bf6 14. Qh5+ Ke7 15. Nd5# 1-0